书目信息 |
| 题名: |
中国哲学史
|
|
| 作者: | 任继愈 主编 | |
| 分册: | 第四册 清代,近代部分 | |
| 出版信息: | 北京 人民出版社 1979.03 |
|
| 页数: | 366页 | |
| 开本: | 20cm | |
| 丛书名: | ||
| 单 册: | ||
| 中图分类: | B2 | |
| 科图分类: | ||
| 主题词: | 哲学--中国 | |
| 电子资源: | ||
| ISBN: | ||
| 000 | 00649nam0 2200229 45 | |
| 001 | 0303070984 | |
| 005 | 20070731132725.29 | |
| 010 | @dCNY0.85 | |
| 091 | @a2001.185 | |
| 100 | @a20030307d1979 km y0chiy0120 ea | |
| 101 | 0 | @achi |
| 200 | 1 | @a中国哲学史@AZhong Guo Zhe Xue Shi@h第四册@i清代,近代部分@f任继愈主编@FRen Ji Yu Zhu Bian |
| 210 | @a北京@c人民出版社@d1979.03 | |
| 215 | @a366页@d20cm | |
| 300 | @a附录一:主要哲学家生卒年表 | |
| 320 | @a附录二:索引 | |
| 517 | @a清代,近代部分@AQing Dai,Jin Dai Bu Fen | |
| 606 | 0 | @a哲学@x中国 |
| 690 | @aB2@v3 | |
| 701 | 0 | @a任继愈@4主编 |
| 801 | @aCN@bTSTC@c20070731 | |
| 905 | @dB2@e1:4@f1@b230919 | |
| 中国哲学史.第四册.清代,近代部分/任继愈主编.-北京:人民出版社,1979.03 |
| 366页;20cm |
| 附录一:主要哲学家生卒年表 |
| ISBN :CNY0.85 |
| ● |
| 相关链接 |
|
|
|
|
正题名:中国哲学史
索取号:B2/1:4
 
预约/预借
| 序号 | 登录号 | 条形码 | 馆藏地/架位号 | 状态 | 备注 |
| 1 | 0787085 | 207870856 | 第一样本阅览室/ [索取号:B2/1:4] | 在馆 |